[Event "Floripa Chess Open 2024"]
[Site "Florianopolis"]
[Date "2024.01.21"]
[Round "2.182"]
[White "Moreira, Everaldo Bonifacio"]
[Black "Marques, Melissa Da Costa"]
[Result "1-0"]
[WhiteElo "1541"]
[BlackElo "1111"]
[PlyCount "145"]
[EventDate "2024.01.20"]
[EventRounds "10"]
[EventCountry "BRA"]

1. c4 e5 2. Nc3 Nf6 3. g3 d5 4. cxd5 Nxd5 5. Bg2 Nxc3 6. bxc3 Nc6 7. e3 ({RR} 
7. d3 Bc5 8. Nf3 O-O 9. O-O Rb8 10. a4 b6 11. Bb2 Qe7 12. Qc2 Bb7 13. d4 Bd6
14. Rfe1 Rfe8 15. Nd2 Na5 16. Bxb7 Rxb7 17. e4 Rbb8 18. Qd3 Rbd8 19. d5 Nb7 20.
Nb3 a5 21. c4 Nc5 {Mendonca,L (2544)-Dubov,D (2710) chess.com INT 2021 0-1 (39)
}) ({RR} 7. d3 Be7 8. e4 O-O 9. Nf3 Bg4 10. O-O Qd7 11. Qc2 Rad8 12. Rd1 Bh3
13. Bb2 Bxg2 14. Kxg2 Bf6 15. d4 exd4 16. cxd4 Nb4 17. Qb3 a5 18. Bc3 Be7 19.
a3 a4 20. Qb2 Nc6 21. Qxb7 Rb8 {Kanyamarala,T (2278)-Sabar,E (2040) chess.com
INT 2023 1-0 (31)}) 7... Be6 8. d4 exd4 9. exd4 $146 ({RR} 9. cxd4 Bd5 10. e4
Bc4 11. d5 Ne5 12. Ne2 Nd3+ 13. Kf1 Bc5 14. Qc2 Qf6 15. f4 Qxa1 16. Qxc4 Nxc1
17. Nxc1 Be3 18. Ke2 Bb6 19. Qb5+ Kd8 20. Nd3 Qxa2+ 21. Kf3 Qd2 22. Rd1 Qe3+
23. Kg4 h5+ {Sharapova,C (1722)-Gomboev,T Ulan Ude 2012 1/2-1/2}) 9... Bd5 10.
Qe2+ Be7 11. Nf3 Qd6 12. O-O h6 13. a4 O-O 14. Bf4 Qe6 15. Rfe1 Bd6 16. Qxe6
fxe6 17. Bxd6 cxd6 18. Nd2 Bxg2 19. Kxg2 e5 20. d5 Ne7 21. c4 Rac8 22. f4 Ng6
23. fxe5 Nxe5 24. Re4 b6 25. a5 Nd3 26. Re2 Rce8 27. Rxe8 Rxe8 28. Kf3 Ne5+ 29.
Kg2 Nd3 30. Kf3 Ne5+ 31. Kg2 Rb8 32. axb6 Rxb6 33. Ra2 a6 34. Kf2 Rb2 35. Rxb2
Nd3+ 36. Ke3 Nxb2 37. Kd4 a5 38. c5 dxc5+ 39. Kxc5 Kf7 40. Kc6 Nd3 41. d6 Ke8
42. Nc4 Kd8 43. Nxa5 Ne5+ 44. Kd5 Nd7 45. Nc4 g5 46. Ke6 Nc5+ 47. Kf5 Kd7 48.
Kg6 Ke6 49. Kxh6 Kf5 50. Nb6 Ne6 51. h3 Nd8 52. d7 Ne6 53. Nc4 Kf6 54. Nd6 Ke7
55. Ne4 Kxd7 56. Nxg5 Nf8 57. Kg7 Ke7 58. h4 Ke8 59. h5 Ke7 60. h6 Ke8 61. h7
Nxh7 62. Nxh7 Ke7 63. g4 Ke6 64. g5 Kf5 65. Kf7 Kg4 66. g6 Kh3 67. g7 Kh4 68.
g8=Q Kh3 69. Kf6 Kh4 70. Kf5 Kh3 71. Kf4 Kh2 72. Kf3 Kh1 73. Qg2# 1-0

[Event "Floripa Chess Open 2024"]
[Site "Florianopolis"]
[Date "2024.01.21"]
[Round "2.183"]
[White "Leith Acosta, Marcelo Alejandro"]
[Black "Monteiro, Samuel Ramazzotte"]
[Result "0-1"]
[WhiteElo "1110"]
[BlackElo "1540"]
[PlyCount "21"]
[EventDate "2024.01.20"]
[EventRounds "10"]
[EventCountry "BRA"]

1. d4 Nf6 2. Bf4 g6 3. Nf3 Bg7 4. e3 d6 5. Be2 O-O 6. O-O Nbd7 7. h3 Nh5 8. Bh2
e5 ({RR} 8... c6 9. c4 b6 10. Nc3 Bb7 11. Qd2 a6 12. a3 b5 13. b3 Rc8 14. Rab1
Re8 15. Rfd1 Nhf6 16. b4 bxc4 17. Bxc4 Nb6 18. Be2 Nbd5 19. Bd3 Qd7 20. Ne2 Bh6
21. Re1 Qe6 22. Qb2 Rb8 23. e4 {Stocek,J (2570)-Riha,V (2253) Teplice CZE 2018
1-0 (36)}) 9. dxe5 dxe5 10. Nbd2 $146 ({RR} 10. c4 e4 11. Nd4 Nhf6 12. Nc3 c6
13. Qc2 Qe7 14. Rad1 Re8 15. a3 a5 16. Rd2 Bf8 17. Rfd1 Nc5 18. b4 axb4 19.
axb4 Nd3 20. b5 c5 21. Nb3 Bf5 22. g4 Be6 23. Bxd3 exd3 24. Qxd3 Ra3 {Nathan,N
(2220)-Matinian,N (2421) chess.com INT 2023 1/2-1/2 (63)}) ({RR} 10. c3 e4 11.
Nd4 Qg5 12. Bg4 Nhf6 13. Bf4 Qc5 14. Nb3 Qe7 15. Be2 Ne5 16. Bxe5 Qxe5 17. Qd4
Qg5 18. Kh1 Qh4 19. Qc5 Bxh3 20. Kg1 Bg4 21. f3 exf3 22. Bxf3 Bxf3 23. gxf3
Qg3+ 24. Kh1 Ng4 {Busch,A (1649)-Knof,H (1574) Braunfels 2014 0-1}) 10... f5
11. Nc4 0-1

[Event "Floripa Chess Open 2024"]
[Site "Florianopolis"]
[Date "2024.01.21"]
[Round "2.184"]
[White "Soares, Rafael Tuma"]
[Black "Lisboa, Maria Eduarda Mazza"]
[Result "1-0"]
[WhiteElo "1540"]
[BlackElo "1081"]
[PlyCount "112"]
[EventDate "2024.01.20"]
[EventRounds "10"]
[EventCountry "BRA"]

1. e4 d5 2. exd5 Qxd5 3. Nc3 Qa5 4. Bc4 c6 5. d4 Bf5 6. Bf4 ({RR} 6. g4 Be4 7.
f3 Bd5 8. Bd3 Nd7 9. Qe2 h5 10. g5 Qb4 11. Qf2 e5 12. a3 Qa5 13. Bd2 Be6 14. f4
exd4 15. Qxd4 O-O-O 16. b4 Qb6 17. Qxb6 Nxb6 18. Nf3 g6 19. Ne5 c5 20. b5 c4 {
Al Modiahki,M (2530)-Stefanova,A (2452) Dubai 1999 1-0 (47)}) 6... Nf6 7. Nge2
({RR} 7. h3 e6 8. Nf3 Nbd7 9. O-O Be7 10. a3 Qd8 11. Re1 O-O 12. Nh4 Bg6 13.
Nxg6 hxg6 14. Qd2 Nb6 15. Bb3 Rc8 16. Rad1 Nfd5 17. Nxd5 cxd5 18. Be5 Bf6 19.
Qf4 Nd7 20. Bxf6 Nxf6 21. c3 Qb6 {Rawda Mansour Al Qassabi (1049)-Mentile,L  
(1522) chess.com INT 2021 1/2-1/2 (81)}) 7... e6 8. Qd2 Be7 $146 ({RR} 8...
Nbd7 9. a3 Nb6 10. Bd3 Bxd3 11. Qxd3 Nbd5 12. Be5 Nxc3 13. Qxc3 Qxc3+ 14. Nxc3
Nd5 15. Ne4 f6 16. Bg3 O-O-O 17. Nd2 Bd6 18. O-O-O {1/2-1/2 (18) Kripp,W (2155)
-Schwertel,J (1923) Bad Wildbad 1998}) 9. h3 h6 10. O-O O-O 11. Nd5 Qxd2 12.
Nxe7+ Kh8 13. Bxd2 Bxc2 14. Rac1 Bh7 15. Bb4 Re8 16. Rfe1 Nbd7 17. Bb3 a5 18.
Ba3 b5 19. Nxc6 b4 20. Nxb4 axb4 21. Bxb4 Nb6 22. Nc3 Nh5 23. g3 Nf6 24. Bc5
Nbd7 25. Nb5 Nxc5 26. dxc5 Reb8 27. Nd6 Bg6 28. c6 Rd8 29. c7 Rxd6 30. c8=Q+
Rxc8 31. Rxc8+ Kh7 32. Rd1 Rb6 33. Rdc1 Ne4 34. R8c6 Rb8 35. Rd1 Nf6 36. f3 Nd5
37. Bxd5 exd5 38. b3 Ra8 39. a4 Rb8 40. Rc3 Rd8 41. Rd4 Bf5 42. g4 Be6 43. b4
f5 44. b5 fxg4 45. hxg4 Rb8 46. Rc6 Bg8 47. b6 Ra8 48. b7 Rb8 49. Rc7 Be6 50.
a5 Kg6 51. a6 Kf6 52. Kf2 Ke5 53. a7 Rxb7 54. Rxb7 Kxd4 55. a8=Q Kc3 56. Rc7+
Kd4 1-0

[Event "Floripa Chess Open 2024"]
[Site "Florianopolis"]
[Date "2024.01.21"]
[Round "2.185"]
[White "Ruvieri, Valter"]
[Black "Cunha, Rodrigo Azalim"]
[Result "0-1"]
[WhiteElo "1067"]
[BlackElo "1540"]
[PlyCount "56"]
[EventDate "2024.01.20"]
[EventRounds "10"]
[EventCountry "BRA"]

1. e4 c5 2. Nf3 d6 3. Bc4 Nf6 4. Nc3 Nc6 5. O-O Bg4 6. h3 Bh5 7. Be2 ({RR} 7.
Nd5 e6 8. Nf4 Bxf3 9. Qxf3 a6 10. Qd1 b5 11. Be2 Be7 12. Re1 O-O 13. Bf1 Qc7
14. g3 Rfe8 15. d3 Rad8 16. Bg2 h6 17. c3 d5 18. exd5 exd5 19. Bd2 {1/2-1/2  
(19) Popovic,A (2155)-Kisic,J (2040) Belgrade SRB 2023}) 7... e6 8. Nh2 $146 ({
RR} 8. Re1 Be7 9. d4 Bxf3 10. Bxf3 cxd4 11. Nb5 Qb6 12. Na3 Ne5 13. Nc4 {
0-1 (13) Vignier,P (2050)-Strugnell,C (2188) Paris 2008}) ({RR} 8. d3 Be7 9.
Bf4 O-O 10. Re1 d5 11. exd5 Nxd5 12. Nxd5 Qxd5 13. Ne5 Bxe2 14. Nxc6 Qxc6 15.
Qxe2 Bf6 16. Be5 Bxe5 17. Qxe5 Rfd8 18. Re4 Rd5 19. Qc3 Rad8 20. Rae1 b6 21. a3
h5 22. R1e3 Rd4 {Cao,S (2558)-Lu,S (2416) Ho Chi Minh City 2011 1/2-1/2 (50)})
({RR} 8. d4 Bxf3 9. Bxf3 Nxd4 10. Be3 Nxf3+ 11. Qxf3 Be7 12. Rad1 Qc7 13. Qg3
O-O 14. Bh6 Ne8 15. Rd2 Kh8 16. Be3 Qc6 17. Rfd1 Rd8 18. e5 d5 19. Ne2 Nc7 20.
Bg5 Qe8 21. Bxe7 Qxe7 22. b3 d4 {Feld,B-Goeppl,F Oberhof 1998 0-1 (53)}) 8...
Bg6 9. d3 Be7 10. Bf3 Nd4 11. Re1 O-O 12. Be3 Nxf3+ 13. Qxf3 d5 14. Bd2 dxe4
15. Nxe4 Nxe4 16. Rxe4 Bxe4 17. Qxe4 Bf6 18. Rb1 Qd5 19. Qg4 Qxa2 20. Re1 Qxb2
21. Bg5 Bxg5 22. Qxg5 Qxc2 23. Ng4 Qxd3 24. Nf6+ Kh8 25. Re5 Qg6 26. Qxg6 hxg6
27. Nd7 Rfc8 28. Nxc5 f6 0-1

[Event "Floripa Chess Open 2024"]
[Site "Florianopolis"]
[Date "2024.01.21"]
[Round "2.186"]
[White "Monteiro, Helen Ramazzotte"]
[Black "Makowski, Silvia Cristina"]
[Result "1-0"]
[WhiteElo "1533"]
[BlackElo "1054"]
[PlyCount "67"]
[EventDate "2024.01.20"]
[EventRounds "10"]
[EventCountry "BRA"]

1. c4 e6 2. Nc3 d5 3. d4 Nf6 4. g3 Nbd7 5. Bg2 c6 6. Nf3 Qa5 ({RR} 6... b6 7.
O-O Ba6 8. cxd5 cxd5 9. Qa4 Bb7 10. Ne5 a6 11. Bg5 b5 12. Qb3 Be7 13. Bxf6 Bxf6
14. e4 Bxe5 15. exd5 Bxd4 16. dxe6 Nc5 17. exf7+ Kf8 18. Qb4 Bxg2 19. Kxg2 a5
20. Qxb5 Rb8 21. Qc4 {Ponomariov,R (2743)-Vera Gonzalez Quevedo,R (2544)
Benidorm 2002 1-0 (43)}) 7. O-O Bb4 8. Qc2 $146 ({RR} 8. Bd2 O-O 9. a3 Be7 10.
Nxd5 Qd8 11. Nxe7+ Qxe7 12. Bb4 c5 13. dxc5 Nxc5 14. Qc2 Rd8 15. Ng5 h6 16. Ne4
Nfxe4 17. Bxe4 Rb8 18. Rad1 b6 19. Rxd8+ Qxd8 20. Rd1 Qf6 21. Bc3 Qe7 22. Bg2
Bd7 {Farias,S (1583)-Dichtl,T (1726) Manaus 2017 0-1 (62)}) ({RR} 8. Bd2 Bd6 9.
Re1 Qc7 10. e4 dxe4 11. Nxe4 Nxe4 12. Rxe4 Nf6 13. Re1 O-O 14. Bc3 a5 15. a3
Rb8 16. Qd2 a4 17. Qc2 b5 18. Ne5 Bd7 19. Re2 Be8 20. Rd1 c5 21. dxc5 Bxc5 22.
Nd3 Be7 {Bach,M (2277)-Bongo Akanga Ndjila,B (1803) chess.com INT 2021 1-0 (42)
}) 8... O-O 9. a3 Bxc3 10. Qxc3 Qxc3 11. bxc3 Ne4 12. Bb2 Ndf6 13. h3 Re8 14.
Kh2 Nd7 15. Rad1 b6 16. Nd2 Nd6 17. Rfe1 Ba6 18. cxd5 exd5 19. e3 Nf6 20. Rc1
Re7 21. a4 Nc4 22. Nxc4 Bxc4 23. Bf1 Bxf1 24. Rxf1 Re6 25. c4 dxc4 26. Rxc4 Rc8
27. Rfc1 h6 28. Kg2 Kf8 29. Kf3 Ne4 30. Ke2 Ke8 31. d5 Re7 32. Bxg7 h5 33. dxc6
Ng5 34. Bf6 1-0

[Event "Floripa Chess Open 2024"]
[Site "Florianopolis"]
[Date "2024.01.21"]
[Round "2.187"]
[White "De Lima, Ismael Do Prado Nog"]
[Black "Mariani, Kim Paul"]
[Result "0-1"]
[WhiteElo "1043"]
[BlackElo "1530"]
[PlyCount "78"]
[EventDate "2024.01.20"]
[EventRounds "10"]
[EventCountry "BRA"]

1. e4 c5 2. Nf3 e6 3. Nc3 d5 4. exd5 exd5 5. d4 Nc6 6. Bf4 ({RR} 6. Be2 Nf6 7.
O-O Be7 8. Bg5 O-O 9. dxc5 Be6 10. Qd2 Qa5 11. Rfd1 Rfd8 12. Nb5 Qxd2 13. Nxd2
Bxc5 14. Bxf6 gxf6 15. Nb3 Bb6 16. c3 Ne5 17. a4 a6 18. N5d4 Rac8 19. Kf1 Kf8
20. h3 Ke7 {Tan,C (2410)-Farina,S (2120) Rome 1995 1-0 (66)}) ({RR} 6. Bg5 Be7
7. Bxe7 Ngxe7 8. dxc5 Qa5 9. Bb5 O-O 10. a3 Bg4 11. Bxc6 bxc6 12. b4 Qa6 13.
Qe2 Qxe2+ 14. Nxe2 Bxf3 15. gxf3 Nf5 16. O-O-O Rfe8 17. Rhe1 a5 18. Ng3 Rxe1
19. Rxe1 Nd4 20. Re3 axb4 {Kisteneva,L (2065)-Putar,L (1861) Daventry ENG 2023
1-0 (62)}) 6... Nf6 7. Bb5 $146 ({RR} 7. Nb5 Nh5 8. Nc7+ Kd7 9. Nxd5 Nxf4 10.
Nxf4 Kc7 11. d5 Bd6 12. dxc6 Bxf4 13. cxb7 Re8+ 14. Be2 Qxd1+ 15. Rxd1 Bxb7 16.
Kf1 Rxe2 {1/2-1/2 (16) Bodenez,C-Berthou,P Gouesnou 1999}) ({RR} 7. Nb5 Kd7 8.
Ne5+ Ke6 9. Nxc6 bxc6 10. Nc7+ Kd7 11. Nxa8 Bb7 12. Nc7 Bd6 13. Bxd6 Kxd6 14.
Nxd5 cxd5 15. dxc5+ Kxc5 16. Qd3 Qa5+ 17. c3 a6 18. b4+ Kd6 19. Qg3+ {1-0 (19)
Parak,D-Holik,J (1978) Znojmo 2002}) 7... Bd6 8. Bxd6 Qxd6 9. Qe2+ Be6 10. Qe5
Qd7 11. Bxc6 Qxc6 12. O-O O-O 13. dxc5 Qxc5 14. Qd4 b6 15. Rfd1 Rfe8 16. Ne5
Rac8 17. Qxc5 bxc5 18. Nb5 Rb8 19. Nxa7 Rxb2 20. Rdc1 Nd7 21. Nd3 Rb6 22. Rcb1
Reb8 23. Rb3 c4 24. Rxb6 Rxb6 25. Nf4 Kf8 26. Ne2 Nc5 27. Nd4 Bd7 28. Kf1 Ke7
29. Ke2 Kd8 30. Kd2 Kc7 31. Kc1 Kb7 32. Rb1 Rxb1+ 33. Kxb1 Kxa7 34. Kb2 Kb6 35.
Nf3 f6 36. h3 Na4+ 37. Kc1 Kc5 38. Nd2 Kd4 39. f3 Nc3 0-1

[Event "Floripa Chess Open 2024"]
[Site "Florianopolis"]
[Date "2024.01.21"]
[Round "2.189"]
[White "Pontes, Larissa Amelio De O"]
[Black "Barbosa, Rafael Santos"]
[Result "0-1"]
[WhiteElo "1019"]
[BlackElo "1524"]
[PlyCount "70"]
[EventDate "2024.01.20"]
[EventRounds "10"]
[EventCountry "BRA"]

1. e4 c6 2. Nc3 d5 3. g3 d4 4. Nce2 c5 5. d3 Nc6 6. Bg2 ({RR} 6. f4 e5 7. Nf3
f6 8. Bg2 Bd6 9. O-O Nge7 10. fxe5 Nxe5 11. Nxe5 Bxe5 12. Nf4 O-O 13. Bh3 Bxh3
14. Nxh3 Qc8 15. Nf4 c4 16. Bd2 Qc6 17. Bb4 Bxf4 18. Rxf4 Rfe8 19. Bxe7 Rxe7
20. Rf5 Rc8 {Martin Fuentes,A (2376)-Deac,B (2701) chess.com INT 2023 1/2-1/2 
(37)}) 6... e5 $146 ({RR} 6... Nf6 7. f4 g6 8. Nf3 Bg4 9. h3 Bxf3 10. Bxf3 Bg7
11. O-O O-O 12. g4 e6 13. Ng3 Ne8 14. g5 f6 15. h4 fxg5 16. hxg5 Ne7 17. Bg4
Qb6 18. Kg2 h6 19. gxh6 Bxh6 20. f5 Bxc1 21. Qxc1 {Egoshin,N (2116)-Fedorov,V 
(2134) Syktyvkar 2012 1-0 (50)}) ({RR} 6... Nf6 7. Nf3 e5 8. O-O h6 9. Bd2 Bg4
10. h3 Be6 11. Kh2 g5 12. Nfg1 Bd6 13. a3 a5 14. Qe1 a4 15. Qc1 Qc7 16. f4 gxf4
17. gxf4 exf4 18. Bxf4 Ne5 19. Ng3 O-O-O 20. Kh1 Rdg8 21. N1e2 {Flegar,V (1465)
-Ydo,P (2097) Goch 2013 0-1 (49)}) 7. c3 Bd6 8. Nf3 Nge7 9. O-O Qc7 10. a3 O-O
11. Ne1 Be6 12. f4 f6 13. f5 Bf7 14. b4 dxc3 15. Nxc3 cxb4 16. axb4 Bxb4 17.
Bd2 a6 18. h3 Nd4 19. Rc1 Bxc3 20. Bxc3 Rfc8 21. Bd2 Qd7 22. Nf3 Rxc1 23. Bxc1
Nxf3+ 24. Rxf3 Nc6 25. Ba3 Nd4 26. Re3 Rc8 27. Bb2 Rc6 28. h4 Qc7 29. Kh2 Qb6
30. Bc1 Qb1 31. Re1 Qa2 32. Qd2 Rc2 33. Qe3 Rxg2+ 34. Kh3 Rh2+ 35. Kg4 h5# 0-1

[Event "Floripa Chess Open 2024"]
[Site "Florianopolis"]
[Date "2024.01.21"]
[Round "2.190"]
[White "De Souza, Joao Francisco Biz"]
[Black "Fonseca, Guilherme"]
[Result "1-0"]
[WhiteElo "1523"]
[BlackElo "1820"]
[PlyCount "103"]
[EventDate "2024.01.20"]
[EventRounds "10"]
[EventCountry "BRA"]

1. d4 Nf6 2. c4 g6 3. Nc3 Bg7 4. e4 d6 5. h3 O-O 6. Be3 e5 7. d5 Nbd7 8. g4 Nc5
9. Qc2 ({RR} 9. f3 c6 10. Nge2 a5 11. Qd2 h5 12. O-O-O a4 13. dxc6 Ne6 14. Qxd6
Qa5 15. cxb7 Bxb7 16. Qb6 Qxb6 17. Bxb6 Rfc8 18. Nd5 Bxd5 19. exd5 Nc5 20. Nc3
e4 21. Bxc5 Rxc5 22. Nxe4 Nxe4 23. fxe4 Rb8 {Csonka,B (2495)-Firouzja,A (2785)
chess.com INT 2022 0-1 (64)}) 9... a5 10. Nge2 b6 ({RR} 10... c6 11. Ng3 cxd5
12. exd5 Ne8 13. g5 f5 14. gxf6 Nxf6 15. O-O-O a4 16. Kb1 Kh8 17. Be2 b6 18. f3
Qe7 19. h4 Nh5 20. Nxh5 gxh5 21. Ne4 Bf5 22. Rdg1 Bg6 23. Rxg6 hxg6 24. Nxc5
bxc5 25. Qxg6 {Almeida Quintana,O (2527)-Marczuk,D (2253) chess.com INT 2023
0-1 (48)}) 11. Ng3 Ba6 $146 ({RR} 11... Ne8 12. Be2 Bf6 13. Qd2 Bh4 14. O-O-O
Ng7 15. Rhg1 f6 16. Nf1 Kh8 17. Nh2 f5 18. gxf5 gxf5 19. Bxc5 bxc5 20. Qh6 Qf6
21. Qxf6 Rxf6 22. f3 Bf2 23. Rg2 Be3+ 24. Kc2 Bd7 25. Bd3 Raf8 26. Re1 {
Frean,D (145)-Clegg,R (139) Aberystwyth 2014 1-0 (60)}) ({RR} 11... Bd7 12. Be2
c6 13. Rd1 cxd5 14. cxd5 Rc8 15. Qb1 b5 16. Nxb5 Qb6 17. Nc3 Rb8 18. Rd2 Qb4
19. O-O a4 20. a3 Qa5 21. Rc2 Nb3 22. Rd1 Rfc8 23. Na2 Nd4 24. Bxd4 exd4 25.
Nb4 Rxc2 26. Qxc2 {Hamley,R (2080)-Mikhailov,V (2428) chess.com INT 2022 1-0  
(41)}) 12. Be2 Qd7 13. b3 c6 14. Rd1 cxd5 15. Nxd5 Nxd5 16. Rxd5 Bb7 17. Rd2
Rac8 18. O-O Qc6 19. f3 Ne6 20. Rfd1 Rfd8 21. Bf1 Nf4 22. Ne2 Bh6 23. Nxf4 Bxf4
24. Bxf4 exf4 25. Qb2 Qc5+ 26. Qd4 Qxd4+ 27. Rxd4 Rc6 28. e5 g5 29. Bd3 Rc5 30.
Be4 Bxe4 31. Rxe4 Rc7 32. Rd5 h6 33. Kf2 Re7 34. Rxd6 Rxd6 35. exd6 Rd7 36. Rd4
f6 37. Ke2 Kf7 38. Kd3 Ke6 39. Re4+ Kxd6 40. Rd4+ Ke6 41. Rxd7 Kxd7 42. Kd4 Kd6
43. a3 Kc6 44. b4 Kd6 45. bxa5 bxa5 46. c5+ Kc7 47. Kd5 Kd7 48. c6+ Kc8 49. Kc5
Kb8 50. Kb6 Kc8 51. Kxa5 Kc7 52. Kb5 1-0

[Event "Floripa Chess Open 2024"]
[Site "Florianopolis"]
[Date "2024.01.21"]
[Round "2.191"]
[White "Da Silva, Leonardo Douglas Si"]
[Black "Guimaraes, Victor Carib Crosla"]
[Result "1-0"]
[WhiteElo "1800"]
[BlackElo "1522"]
[PlyCount "57"]
[EventDate "2024.01.20"]
[EventRounds "10"]
[EventCountry "BRA"]

1. d4 {ChessBase} Nf6 2. Nf3 d5 3. e3 c5 4. b3 Nc6 5. Bb2 e6 6. Bd3 Bd7 7. Ne5
$146 ({RR} 7. O-O Rc8 8. a3 cxd4 9. exd4 Bd6 10. Nbd2 O-O 11. Ne5 g6 12. Qe2
Nh5 13. f4 Ng7 14. Qg4 f5 15. Qh3 Bxe5 16. dxe5 Qb6+ 17. Kh1 Nd8 18. Rf3 Nf7 ({
RR} 18... Bb5) 19. Rg3 ({RR} 19. a4) 19... Bb5 20. Bxb5 Qxb5 21. Nf3 Qd7 {
Gunsberg,I-Blackburne,J Bradford 1887 EXT 2017 [ChessBase] 1-0 (42)}) ({RR} 7.
a3 Qb6 8. dxc5 Bxc5 9. O-O Qc7 10. c4 dxc4 11. Bxc4 Bd6 12. Nbd2 Rd8 13. Rc1
Ne5 14. Qe2 O-O 15. Bxe6 Bc6 16. Bf5 Qa5 17. Nd4 Bd7 18. b4 Qd5 19. e4 Qa2 20.
Rc2 Bxf5 21. Ra1 Qxa1+ {Pechac,J (2435)-Repka,C (2519) Banska Stiavnica SVK
2018 1-0 (38)}) ({RR} 7. a3 cxd4 8. exd4 Bd6 9. Nbd2 Rc8 10. O-O O-O 11. Ne5
Qb6 12. Ndf3 Ne7 13. Qe2 Ng6 14. g3 Bc6 15. Ng5 Rc7 16. Nxe6 Re8 17. Nxc7 Qxc7
18. f4 Qb6 19. Kg2 Nf8 20. Rad1 Ne6 21. a4 Bf8 {Izquierdo,D (2102)-Rivas Puch,
J (1637) Montevideo URU 2023 1-0}) ({RR} 7. a3 Rc8 8. Nbd2 cxd4 9. exd4 Be7 10.
Ne5 O-O 11. O-O Be8 12. f4 Qb6 13. c3 Bd6 14. Kh1 Ne7 15. a4 a6 16. Ndf3 g6 17.
c4 dxc4 18. Nxc4 Qd8 19. Nxd6 Qxd6 20. Ba3 Qd8 21. Qe1 Kg7 {Delmar,
E-Lipschuetz,S New York,NY 1888 1-0 (32)}) 7... cxd4 8. exd4 Qc7 9. Nxd7 Nxd7
10. a3 Be7 11. Nd2 O-O 12. O-O Rfe8 13. f4 Bd6 14. g3 Nf8 15. Nf3 h6 16. Kg2
Rac8 17. Rc1 a6 18. h4 b5 19. b4 Qb7 20. Qd2 Rc7 21. Rf2 f5 22. Qe2 Nh7 23.
Bxf5 Nf6 24. Bg6 Ree7 25. Ne5 Qc8 26. Qd3 Bxe5 27. fxe5 Nd7 28. Rcf1 Qa8 29.
Rf7 1-0

[Event "Floripa Chess Open 2024"]
[Site "Florianopolis"]
[Date "2024.01.21"]
[Round "2.192"]
[White "Da Costa, Carlos Henrique Luz"]
[Black "Barbetta Silva, Maria Eduarda"]
[Result "1-0"]
[WhiteElo "1520"]
[BlackElo "1800"]
[PlyCount "101"]
[EventDate "2024.01.20"]
[EventRounds "10"]
[EventCountry "BRA"]

1. d4 e6 2. g3 d5 3. Bg2 Nf6 4. Nf3 c5 5. e3 Nc6 6. O-O Bd7 7. b3 cxd4 8. exd4
Be7 9. Bb2 O-O 10. Nbd2 Rc8 11. c4 b6 $146 ({RR} 11... Bb4 12. a3 Ba5 13. b4
Bc7 14. Ne5 dxc4 15. Ndxc4 Nd5 16. Nxd7 Qxd7 17. Ne5 Nxe5 18. dxe5 Rfd8 19. Rc1
Qe7 20. Qb3 Rd7 21. Rfd1 Rcd8 22. Bd4 a6 23. Bc5 Qg5 24. f4 Qg6 25. a4 b5 26.
axb5 {Zaksauskaite,D (2020)-Kaminska,P (1800) Augustow 1996 1/2-1/2 (50)}) 12.
Ne5 Qc7 13. cxd5 exd5 14. Nxd7 Nxd7 15. Bxd5 Nf6 16. Bg2 Rcd8 17. Rc1 Nd5 18.
Qh5 g6 19. Qe2 Qd7 20. Qb5 Ncb4 21. Qxd7 Rxd7 22. Bxd5 Nxd5 23. a3 Bf6 24. Rc6
Bg7 25. Rfc1 Ne7 26. Rc7 Rfd8 27. Nf3 Nf5 28. Rxd7 Rxd7 29. Rc8+ Bf8 30. a4 Ne7
31. Re8 Rc7 32. Ba3 Rc8 33. Rxe7 Bxe7 34. Bxe7 Rc1+ 35. Kg2 Rb1 36. Nd2 Rb2 37.
Bg5 f6 38. Be3 Kf7 39. Kf3 Ke6 40. Ke4 f5+ 41. Kd3 Ra2 42. Nb1 Ra1 43. Nc3 Rh1
44. h4 Kd7 45. b4 a6 46. b5 a5 47. Nd5 Ra1 48. Nxb6+ Kc7 49. Nd5+ Kb7 50. Nc3
Ra3 51. Kc4 1-0

[Event "Floripa Chess Open 2024"]
[Site "Florianopolis"]
[Date "2024.01.21"]
[Round "2.193"]
[White "Bida, Jose Mateus"]
[Black "Da Silva, Kauan Salvagni Tele"]
[Result "0-1"]
[WhiteElo "1800"]
[BlackElo "1517"]
[PlyCount "42"]
[EventDate "2024.01.20"]
[EventRounds "10"]
[EventCountry "BRA"]

1. d4 d5 2. c4 e6 3. Nc3 Nf6 4. cxd5 exd5 5. Bg5 Be7 6. e3 c6 7. Bd3 O-O 8. Qc2
Nbd7 9. Nge2 Re8 10. f3 Nf8 11. O-O-O b5 12. g4 a5 ({RR} 12... Qa5 13. h4 b4
14. Na4 c5 15. Nxc5 Qxa2 16. Kd2 Qa5 17. Ra1 Qb6 18. Rhc1 h6 19. Bf4 Ne6 20.
Nxe6 Bxe6 21. Bc7 b3 22. Bxb6 bxc2 23. Bxa7 Bb4+ 24. Kxc2 Rec8+ 25. Bc5 Rxa1
26. Rxa1 Nd7 27. Bf5 {Erigaisi,A (2725)-Radjabov,T (2747) chess.com INT 2022
1-0 (50)}) 13. h4 $146 ({RR} 13. Ng3 g6 14. h4 Nxg4 15. Bf4 Nxe3 16. Bxe3 Bxh4
17. Nf1 Bf6 18. Kb1 a4 19. f4 Qa5 20. Ne2 Bd7 21. f5 b4 22. Qc1 Bg7 23. Nfg3
Rac8 24. Bh6 {1-0 (24) Illner,A-Henneberger,S Telgte 1990}) ({RR} 13. Ng3 a4
14. Nf5 Bxf5 15. gxf5 Qa5 16. Rdg1 b4 17. Nb1 b3 18. axb3 axb3 19. Qg2 c5 20.
e4 cxd4 21. Kd1 g6 22. e5 N6d7 23. fxg6 hxg6 24. f4 Bxg5 25. Qxg5 Nc5 26. Bf5
Ne4 27. Qg2 Qa1 {Postl,A-Schuh,F (2355) Austria 1991 0-1 (33)}) 13... Bd7 14.
e4 b4 15. Bxf6 bxc3 16. Bxe7 cxb2+ 17. Qxb2 Qxe7 18. Nf4 Rab8 19. Qc3 Qf6 20.
Qd2 Qxd4 21. Qxa5 Qb2# 0-1

[Event "Floripa Chess Open 2024"]
[Site "Florianopolis"]
[Date "2024.01.21"]
[Round "2.194"]
[White "Pavao, Alice Lara Biasi"]
[Black "Da Rosa, Pauline Cardoso"]
[Result "1-0"]
[WhiteElo "1517"]
[BlackElo "1800"]
[PlyCount "79"]
[EventDate "2024.01.20"]
[EventRounds "10"]
[EventCountry "BRA"]

1. c4 c6 2. Nf3 d5 3. b3 Bg4 4. e3 Nd7 ({RR} 4... e6 5. Bb2 Nd7 6. h3 Bh5 7.
Nc3 Ngf6 8. g4 Bg6 9. Nh4 Nc5 10. Nxg6 hxg6 11. Qe2 a5 12. f3 e5 13. g5 Nh5 14.
Rg1 d4 15. Nd1 Be7 16. h4 Ne6 17. Bh3 Nhf4 18. exf4 Nxf4 19. Qf1 {Hillarp
Persson,T (2542)-Giri,A (2642) Malmo 2010 0-1}) ({RR} 4... e6 5. Bb2 Nd7 6. h3
Bxf3 7. Qxf3 Ngf6 8. Bd3 Bd6 9. Bc2 b5 10. cxb5 cxb5 11. O-O Rc8 12. Rc1 b4 13.
d4 O-O 14. Nd2 a5 15. Qe2 Qb6 16. Bd3 Qa7 17. Ba6 Ra8 18. Bb5 Rac8 19. Ba6 {
Martins,D (2422)-Vernay,C (2495) Switzerland SUI 2023 1-0 (46)}) 5. d4 e6 6. g3
$146 ({RR} 6. Be2 Bb4+ 7. Bd2 Bd6 8. Bc3 f5 9. Ne5 Bxe2 10. Qxe2 Ngf6 11. f4
O-O 12. Nd2 a5 13. O-O Qe7 14. c5 Bxe5 15. fxe5 Ne8 16. a4 g5 17. h3 Ng7 18. g4
Rf7 19. Nf3 {0-1 (19) Berendsen,M (1997)-Ustianovich,N (2268) Calvia 2015}) ({
RR} 6. Be2 Bd6 7. Nbd2 f5 8. Bb2 Ngf6 9. Ne5 Bxe2 10. Qxe2 O-O 11. f4 Ne4 12.
Nxe4 fxe4 13. Nxd7 Bb4+ 14. Kf2 Qxd7 15. c5 e5 16. a3 Bxc5 17. dxe5 Rxf4+ 18.
Kg3 Rf5 19. h3 Raf8 20. Bd4 Bxd4 {Navratil,L (1693)-Rut,V (2128) Pardubice CZE
2018 0-1 (33)}) 6... Ngf6 7. Bg2 Qc7 8. O-O Be7 9. Nc3 O-O 10. Bb2 Rfe8 11. h3
Bxf3 12. Qxf3 b6 13. cxd5 exd5 14. Rac1 Bb4 15. Nxd5 Nxd5 16. Qxd5 cxd5 17.
Rxc7 Nf6 18. Rfc1 Bd6 19. R7c6 Be7 20. Kf1 Kf8 21. Ke2 Red8 22. a4 Ke8 23. f3
Nd7 24. e4 dxe4 25. fxe4 f6 26. R6c4 h6 27. e5 fxe5 28. Bxa8 Rxa8 29. Rc8+ Rxc8
30. Rxc8+ Kf7 31. dxe5 Ke6 32. Rc7 Bf8 33. Rxa7 Nxe5 34. Bxe5 Kxe5 35. Rf7 Bd6
36. Rxg7 Kf6 37. Rb7 Bxg3 38. Rxb6+ Kg5 39. Rb4 h5 40. a5 1-0